[Event "2FoglarVeterans_GM_B"]
[Site "?"]
[Date "2006.??.??"]
[Round "?"]
[White "Roos, Jacqueline (FRA)"]
[Black "Janosi, Ervin (HUN)"]
[Result "1/2-1/2"]
[WhiteElo "2406"]
[BlackElo "2350"]
[PlyCount "74"]
[EventDate "2006.??.??"]
[EventType "corr"]
[SourceDate "2006.05.16"]

1. e4 c5 2. Nf3 Nc6 3. d4 cxd4 4. Nxd4 Nf6 5. Nc3 e5 6. Ndb5 d6 7. Bg5 a6 8.
Na3 b5 9. Bxf6 gxf6 10. Nd5 f5 11. Bd3 Be6 12. O-O Bxd5 13. exd5 Ne7 14. c3 Bg7
15. Qh5 e4 16. Bc2 Qa5 17. Rae1 Ra7 18. f3 b4 19. cxb4 Qxb4 20. Bb3 O-O 21. Kh1
Rc7 22. fxe4 fxe4 23. Nc2 Qb5 24. Qg5 Kh8 25. Qe3 Qd3 26. Qxe4 Qxe4 27. Rxe4
Nxd5 28. Rd1 Nf6 29. Red4 Nd7 30. Rxd6 Nc5 31. Nb4 Rb7 32. Nd3 Nxb3 33. axb3
Rxb3 34. Rxa6 Rfb8 35. Ra7 Kg8 36. Rd7 Bxb2 37. g3 Bf6 1/2-1/2

[Event "2FoglarVeterans_GM_B"]
[Site "?"]
[Date "2006.??.??"]
[Round "?"]
[White "Janosi, Ervin (HUN)"]
[Black "Lounek, Jan (CZE)"]
[Result "1/2-1/2"]
[WhiteElo "2350"]
[BlackElo "2517"]
[PlyCount "77"]
[EventDate "2006.??.??"]
[EventType "corr"]
[SourceDate "2006.05.16"]

1. d4 Nf6 2. c4 e6 3. Nc3 Bb4 4. e3 O-O 5. Bd3 d5 6. Nf3 c5 7. O-O Nc6 8. a3
Bxc3 9. bxc3 Qc7 10. Bb2 dxc4 11. Bxc4 e5 12. h3 Bf5 13. Qe2 Rad8 14. Bb5 e4
15. Nd2 a6 16. Bxc6 Qxc6 17. c4 Nd7 18. Qh5 Bg6 19. Qh4 cxd4 20. Bxd4 Rfe8 21.
Rab1 Nc5 22. Nb3 Ne6 23. Na5 Qc8 24. c5 Nxd4 25. exd4 e3 26. Rb4 Re4 27. Qg3 e2
28. Re1 Rdxd4 29. Rxd4 Rxd4 30. Rxe2 h6 31. Nb3 Rd1+ 32. Kh2 Kh7 33. Qf4 Qc6
34. Rd2 Rxd2 35. Qxd2 Be4 36. f3 Bd5 37. Qc2+ g6 38. Nd4 Qf6 39. Qc3 1/2-1/2

[Event "2FoglarVeterans_GM_B"]
[Site "?"]
[Date "2006.??.??"]
[Round "?"]
[White "Ludwig, Christoph (GER)"]
[Black "Grabner, Helmut (AUT)"]
[Result "1/2-1/2"]
[WhiteElo "2527"]
[BlackElo "2416"]
[PlyCount "37"]
[EventDate "2006.??.??"]
[EventType "corr"]
[SourceDate "2006.05.16"]

1. e4 c5 2. Nf3 d6 3. d4 cxd4 4. Nxd4 Nf6 5. Nc3 a6 6. Bg5 e6 7. f4 Qb6 8. Nb3
Be7 9. Be2 Nbd7 10. Qd3 Qc7 11. Bf3 Rb8 12. O-O-O b5 13. Kb1 b4 14. Ne2 a5 15.
g4 a4 16. Rhe1 Ba6 17. Qd2 Nc5 18. Qe3 axb3 19. cxb3 1/2-1/2

[Event "2FoglarVeterans_GM_B"]
[Site "?"]
[Date "2006.??.??"]
[Round "?"]
[White "Grabner, Helmut (AUT)"]
[Black "Dedina, Miroslav (CZE)"]
[Result "1-0"]
[WhiteElo "2416"]
[BlackElo "2414"]
[PlyCount "95"]
[EventDate "2006.??.??"]
[EventType "corr"]
[SourceDate "2006.05.16"]

1. e4 e5 2. Nf3 Nc6 3. Bb5 a6 4. Bxc6 dxc6 5. O-O Bg4 6. h3 h5 7. d3 Qf6 8.
Nbd2 Ne7 9. Nc4 Bxf3 10. Qxf3 Qxf3 11. gxf3 Ng6 12. Be3 b5 13. Na5 Kd7 14. Nb3
Bd6 15. Rfd1 Nh4 16. Kf1 Nxf3 17. Ke2 Nh4 18. d4 exd4 19. Rxd4 Ke8 20. f4 Ng2
21. e5 Nxe3 22. Kxe3 Be7 23. a4 Rh6 24. Ke4 c5 25. Rd2 Rb8 26. Rg2 Kf8 27. c3
Rhb6 28. a5 Rh6 29. Rd1 h4 30. Rd7 Rc8 31. Rd5 Rc6 32. f5 Re8 33. Rd7 Rh6 34.
Nd2 c4 35. Kf4 Rc6 36. Ne4 b4 37. cxb4 Rb8 38. Rxg7 Kxg7 39. Rxe7 Kf8 40. f6
Rxb4 41. Kf5 c3 42. bxc3 Rxe4 43. Kxe4 Rxc3 44. Kf4 Rc5 45. Kf5 Rc3 46. Kg5 Rc5
47. Kxh4 Rc1 48. Kg5 1-0

[Event "2FoglarVeterans_GM_B"]
[Site "?"]
[Date "2006.??.??"]
[Round "?"]
[White "Janosi, Ervin (HUN)"]
[Black "Ludwig, Christoph (GER)"]
[Result "1/2-1/2"]
[WhiteElo "2350"]
[BlackElo "2527"]
[PlyCount "63"]
[EventDate "2006.??.??"]
[EventType "corr"]
[SourceDate "2006.05.16"]

1. e4 c5 2. Nf3 Nc6 3. d4 cxd4 4. Nxd4 Nf6 5. Nc3 e5 6. Ndb5 d6 7. Bg5 a6 8.
Na3 b5 9. Nd5 Be7 10. Bxf6 Bxf6 11. c3 Bg5 12. Nc2 O-O 13. a4 bxa4 14. Rxa4 a5
15. Bc4 Rb8 16. b3 Kh8 17. Nce3 g6 18. O-O f5 19. Qf3 Bb7 20. exf5 Ne7 21. f6
Bxf6 22. Qe2 Nxd5 23. Nxd5 Bc6 24. Ra2 Bg5 25. Rd1 Kg7 26. Qd3 Bd7 27. Rda1 a4
28. b4 Qc8 29. Ba6 Bf5 30. Qg3 Qxa6 31. Qxg5 Bd7 32. Qd2 1/2-1/2

[Event "2FoglarVeterans_GM_B"]
[Site "?"]
[Date "2006.??.??"]
[Round "?"]
[White "Green, Wesley C. (USA)"]
[Black "Ludwig, Christoph (GER)"]
[Result "1-0"]
[WhiteElo "2438"]
[BlackElo "2527"]
[PlyCount "30"]
[EventDate "2006.??.??"]
[EventType "corr"]
[SourceDate "2006.05.16"]

1. e4 e5 2. Nf3 Nc6 3. Bb5 a6 4. Ba4 Nf6 5. O-O Be7 6. Re1 b5 7. Bb3 d6 8. c3
O-O 9. h3 Na5 10. Bc2 c5 11. d4 Qc7 12. Nbd2 cxd4 13. cxd4 Bd7 14. Nf1 Rac8 15.
Ne3 Nc6 1-0

[Event "2FoglarVeterans_GM_B"]
[Site "?"]
[Date "2006.??.??"]
[Round "?"]
[White "Dedina, Miroslav (CZE)"]
[Black "Lounek, Jan (CZE)"]
[Result "1/2-1/2"]
[WhiteElo "2514"]
[BlackElo "2417"]
[PlyCount "56"]
[EventDate "2006.??.??"]
[EventType "corr"]
[SourceDate "2006.05.16"]

1. c4 e5 2. Nc3 Nf6 3. Nf3 Nc6 4. d4 exd4 5. Nxd4 Bb4 6. Nxc6 bxc6 7. Bg5 h6 8.
Bh4 O-O 9. e3 Qe7 10. Bd3 Bxc3+ 11. bxc3 Qe5 12. Qc2 d6 13. Bxf6 Qxf6 14. Rb1
Be6 15. O-O Rab8 16. Rxb8 Rxb8 17. Qa4 Qxc3 18. Qxa7 Rc8 19. Rd1 Bxc4 20. Bxc4
Qxc4 21. Qb7 Re8 22. Qxc7 Qc2 23. Ra1 Ra8 24. g3 Qc3 25. Rd1 Qc2 26. Rxd6 Qb1+
27. Kg2 Qe4+ 28. Kg1 Qb1+ 1/2-1/2

[Event "2FoglarVeterans_GM_B"]
[Site "?"]
[Date "2006.??.??"]
[Round "?"]
[White "Kostal, Jindrich (CZE)"]
[Black "Horvath, Alexander (SVK)"]
[Result "1/2-1/2"]
[WhiteElo "2435"]
[BlackElo "2413"]
[PlyCount "100"]
[EventDate "2006.??.??"]
[EventType "corr"]
[SourceDate "2006.05.16"]

1. e4 c5 2. Nf3 d6 3. d4 cxd4 4. Nxd4 Nf6 5. Nc3 a6 6. Be2 e5 7. Nb3 Be7 8. O-O
O-O 9. Qd3 Be6 10. Nd5 Bxd5 11. exd5 Nbd7 12. c4 a5 13. a4 Ne8 14. Ra3 Bg5 15.
Qf5 Bxc1 16. Rxc1 Nef6 17. Nd2 Nc5 18. Rg3 g6 19. b3 Ne8 20. Re1 Ng7 21. Qh3
Qe7 22. Bd1 e4 23. Rge3 Nf5 24. R3e2 Nd4 25. Rxe4 Nxe4 26. Rxe4 Qf6 27. g4 Nf5
28. Re1 Rae8 29. Ne4 Qe5 30. Kg2 Kh8 31. Ng5 Qg7 32. Rxe8 Rxe8 33. gxf5 gxf5
34. Qxf5 f6 35. h4 fxg5 36. hxg5 Re5 37. Qc8+ Qg8 38. Qxg8+ Kxg8 39. f4 Re1 40.
Bg4 b6 41. Kf3 Rb1 42. Bd7 Rxb3+ 43. Kg4 Rc3 44. Bb5 Kf7 45. Kf5 Rc1 46. Ba6
Rh1 47. Bb5 h5 48. gxh6 Rxh6 49. Bc6 Ke7 50. Bb5 Rh1 1/2-1/2

[Event "2FoglarVeterans_GM_B"]
[Site "?"]
[Date "2006.??.??"]
[Round "?"]
[White "Berggreen, Anders (DEN)"]
[Black "Grabner, Helmut (AUT)"]
[Result "1/2-1/2"]
[WhiteElo "2414"]
[BlackElo "2416"]
[PlyCount "73"]
[EventDate "2006.??.??"]
[EventType "corr"]
[SourceDate "2006.05.16"]

1. e4 c5 2. Nf3 d6 3. d4 cxd4 4. Nxd4 Nf6 5. Nc3 a6 6. Be3 e5 7. Nb3 Be6 8. f3
Be7 9. Qd2 Nbd7 10. O-O-O b5 11. g4 Nb6 12. g5 Nfd7 13. Kb1 Rc8 14. h4 O-O 15.
Rg1 b4 16. Nd5 Nxd5 17. exd5 Bf5 18. Bd3 Bxd3 19. Qxd3 a5 20. Nd2 f5 21. gxf6
Nxf6 22. f4 exf4 23. Bxf4 Nh5 24. Be3 Qc7 25. Rg4 Nf6 26. Rg2 a4 27. Rdg1 Rf7
28. Nf3 Ne8 29. Ng5 Bxg5 30. Bxg5 Qb7 31. h5 b3 32. axb3 axb3 33. Qxb3 Qxb3 34.
cxb3 Rf5 35. Bh6 Rxd5 36. Bxg7 Rxh5 37. Bc3+ 1/2-1/2

[Event "2FoglarVeterans_GM_B"]
[Site "?"]
[Date "2006.??.??"]
[Round "?"]
[White "Green, Wesley C. (USA)"]
[Black "Salov, Sergey A. (RUS)"]
[Result "1-0"]
[WhiteElo "2438"]
[BlackElo "2383"]
[PlyCount "34"]
[EventDate "2006.??.??"]
[EventType "corr"]
[SourceDate "2006.05.16"]

1. e4 c5 2. Nf3 d6 3. d4 cxd4 4. Nxd4 Nf6 5. Nc3 a6 6. Be3 e5 7. Nb3 Be6 8. f3
Nbd7 9. Qd2 h5 10. a4 Rc8 11. Be2 Be7 12. O-O O-O 13. a5 Qc7 14. Rac1 Rfe8 15.
Nd5 Nxd5 16. exd5 Bf5 17. c4 Nc5 1-0

[Event "2FoglarVeterans_GM_B"]
[Site "?"]
[Date "2006.??.??"]
[Round "?"]
[White "Grabner, Helmut (AUT)"]
[Black "Green, Wesley C. (USA)"]
[Result "1/2-1/2"]
[WhiteElo "2416"]
[BlackElo "2438"]
[PlyCount "85"]
[EventDate "2006.??.??"]
[EventType "corr"]
[SourceDate "2006.05.16"]

1. e4 e5 2. Nf3 Nc6 3. Bb5 a6 4. Bxc6 dxc6 5. O-O f6 6. d4 Bg4 7. dxe5 Qxd1 8.
Rxd1 fxe5 9. Nbd2 O-O-O 10. Re1 Bd6 11. h3 Bh5 12. Nh4 Ne7 13. Nc4 Bf7 14.
Nxd6+ cxd6 15. Bg5 Rhe8 16. Rad1 Be6 17. Nf5 Bxf5 18. exf5 Rd7 19. g4 Nd5 20.
c4 Nc7 21. f3 b5 22. Rc1 Kb7 23. Kf2 g6 24. c5 gxf5 25. cxd6 Rxd6 26. gxf5 h6
27. Bh4 Rd2+ 28. Re2 Rxe2+ 29. Kxe2 Rf8 30. f6 Nd5 31. Rg1 Kc7 32. Rg7+ Kd6 33.
Kd3 Ke6 34. Rh7 h5 35. Rh6 Nxf6 36. b4 Kf5 37. Ke2 Rf7 38. a3 Rf8 39. Bxf6 Rxf6
40. Rxh5+ Kf4 41. Rh4+ Kg5 42. Rh8 Kf4 43. Rh4+ 1/2-1/2

[Event "2FoglarVeterans_GM_B"]
[Site "?"]
[Date "2006.??.??"]
[Round "?"]
[White "Prokopp, Heinz (GER)"]
[Black "Green, Wesley C. (USA)"]
[Result "1-0"]
[WhiteElo "2428"]
[BlackElo "2438"]
[PlyCount "87"]
[EventDate "2006.??.??"]
[EventType "corr"]
[SourceDate "2006.05.16"]

1. e4 e5 2. Nf3 Nc6 3. Bb5 a6 4. Ba4 Nf6 5. O-O Be7 6. Re1 b5 7. Bb3 d6 8. c3
O-O 9. h3 Bb7 10. d4 Re8 11. Nbd2 Bf8 12. a4 h6 13. Bc2 exd4 14. cxd4 Nb4 15.
Bb1 c5 16. d5 Nd7 17. Ra3 f5 18. Nh2 Qe7 19. Rae3 f4 20. R3e2 c4 21. b3 Ne5 22.
bxc4 bxc4 23. Nxc4 Nxc4 24. Qb3 a5 25. Qxc4 Ba6 26. Qb3 Bxe2 27. Rxe2 g5 28.
Nf3 Qf7 29. Nd4 Rab8 30. Qd1 Nc6 31. dxc6 Rxb1 32. h4 Qc4 33. Rc2 Qxa4 34. hxg5
hxg5 35. Qd3 g4 36. c7 Rc8 37. e5 Qd7 38. Qg6+ Kh8 39. Ne6 g3 40. fxg3 dxe5 41.
Nxf8 Rxf8 42. Qh6+ Kg8 43. Qxf8+ Kxf8 44. c8=Q+ 1-0

[Event "2FoglarVeterans_GM_B"]
[Site "?"]
[Date "2006.??.??"]
[Round "?"]
[White "Lounek, Jan (CZE)"]
[Black "Ludwig, Christoph (GER)"]
[Result "1/2-1/2"]
[WhiteElo "2517"]
[BlackElo "2527"]
[PlyCount "50"]
[EventDate "2006.??.??"]
[EventType "corr"]
[SourceDate "2006.05.16"]

1. e4 c5 2. Nf3 Nc6 3. d4 cxd4 4. Nxd4 Nf6 5. Nc3 e5 6. Ndb5 d6 7. Bg5 a6 8.
Na3 b5 9. Nd5 Be7 10. Bxf6 Bxf6 11. c3 Bg5 12. Nc2 O-O 13. a4 bxa4 14. Rxa4 a5
15. Bb5 Ne7 16. Ncb4 Nxd5 17. Nxd5 Be6 18. O-O Rc8 19. Qe2 f5 20. Bd3 Kh8 21.
Rd1 Rb8 22. Ra2 Bxd5 23. exd5 Qb6 24. Bc2 g6 25. Ba4 Kg7 1/2-1/2

[Event "2FoglarVeterans_GM_B"]
[Site "?"]
[Date "2006.??.??"]
[Round "?"]
[White "Horvath, Alexander (SVK)"]
[Black "Isigkeit, Hans-Jurgen (GER)"]
[Result "1/2-1/2"]
[WhiteElo "2413"]
[BlackElo "2441"]
[PlyCount "89"]
[EventDate "2006.??.??"]
[EventType "corr"]
[SourceDate "2006.05.16"]

1. e4 c6 2. d4 d5 3. exd5 cxd5 4. Bd3 Nf6 5. c3 Nc6 6. Bf4 Bg4 7. Qb3 Qd7 8.
Nd2 e6 9. Ngf3 Bd6 10. Ne5 Qc7 11. O-O O-O 12. Nxg4 Bxf4 13. Nxf6+ gxf6 14. Nf3
Kh8 15. g3 Rg8 16. Kh1 Bd6 17. Nh4 f5 18. f4 Rac8 19. Qd1 Nb8 20. Qh5 Rg7 21.
g4 Rxg4 22. Nxf5 exf5 23. Bxf5 Rg6 24. Bxc8 Qxc8 25. f5 Rf6 26. Rf3 Nc6 27. Re1
Qf8 28. Rh3 h6 29. Rhe3 Ne7 30. Qh4 Rxf5 31. Rxe7 Bxe7 32. Qxe7 Qb8 33. Qe8+
Qxe8 34. Rxe8+ Kg7 35. Re7 b6 36. Rxa7 Rf1+ 37. Kg2 Rc1 38. Kf3 Rc2 39. Kf4
Rxh2 40. Ke5 Rxb2 41. Kxd5 h5 42. c4 h4 43. Ra3 Kf6 44. Rc3 Kf5 45. c5 1/2-1/2

[Event "2FoglarVeterans_GM_B"]
[Site "?"]
[Date "2006.??.??"]
[Round "?"]
[White "Horvath, Alexander (SVK)"]
[Black "Ludwig, Christoph (GER)"]
[Result "1/2-1/2"]
[WhiteElo "2413"]
[BlackElo "2527"]
[PlyCount "68"]
[EventDate "2006.??.??"]
[EventType "corr"]
[SourceDate "2006.05.16"]

1. e4 c5 2. Nf3 Nc6 3. d4 cxd4 4. Nxd4 Nf6 5. Nc3 e5 6. Ndb5 d6 7. Bg5 a6 8.
Na3 b5 9. Nd5 Be7 10. Bxf6 Bxf6 11. c3 O-O 12. Nc2 Bg5 13. a4 bxa4 14. Rxa4 a5
15. Bc4 Rb8 16. b3 Kh8 17. h4 Bh6 18. Nce3 Bxe3 19. Nxe3 Ne7 20. h5 Bb7 21. Bd3
d5 22. h6 g6 23. Bc2 Qc7 24. O-O dxe4 25. Bxe4 Ng8 26. Bxb7 Rxb7 27. Nd5 Qc5
28. c4 Nxh6 29. Qd2 Nf5 30. Rb1 Ra7 31. Qe1 Re8 32. Rba1 Kg7 33. Rxa5 Rxa5 34.
Rxa5 Qd4 1/2-1/2

[Event "2FoglarVeterans_GM_B"]
[Site "?"]
[Date "2006.??.??"]
[Round "?"]
[White "Berggreen, Anders (DEN)"]
[Black "Ludwig, Christoph (GER)"]
[Result "1/2-1/2"]
[WhiteElo "2414"]
[BlackElo "2527"]
[PlyCount "38"]
[EventDate "2006.??.??"]
[EventType "corr"]
[SourceDate "2006.05.16"]

1. d4 d5 2. Nf3 Nf6 3. c4 e6 4. g3 dxc4 5. Bg2 Nc6 6. Qa4 Bb4+ 7. Bd2 Nd5 8.
Bxb4 Ndxb4 9. a3 b5 10. Qxb5 Nc2+ 11. Kd2 Bd7 12. Kxc2 Nxd4+ 13. Nxd4 Bxb5 14.
Nxb5 Rb8 15. Rd1 Qf6 16. Bc6+ Kf8 17. N1c3 e5 18. Nxa7 Qxf2 19. Nab5 h5 1/2-1/2

[Event "2FoglarVeterans_GM_B"]
[Site "?"]
[Date "2006.??.??"]
[Round "?"]
[White "Isigkeit, Hans-Jurgen (GER)"]
[Black "Dedina, Miroslav (CZE)"]
[Result "1/2-1/2"]
[WhiteElo "2441"]
[BlackElo "2414"]
[PlyCount "60"]
[EventDate "2006.??.??"]
[EventType "corr"]
[SourceDate "2006.05.16"]

1. d4 d5 2. c4 e6 3. Nf3 Nf6 4. Nc3 c6 5. e3 a6 6. b3 Bb4 7. Bd2 Nbd7 8. Bd3
O-O 9. O-O Bd6 10. Re1 b6 11. Qc2 Qc7 12. h3 Bb7 13. e4 dxc4 14. bxc4 e5 15. c5
bxc5 16. dxe5 Nxe5 17. Nxe5 Bxe5 18. Rab1 a5 19. Be3 Rfd8 20. Bxc5 Nd7 21. Be3
Ba6 22. Bxa6 Rxa6 23. Rec1 Raa8 24. Na4 Rdc8 25. Nb6 Nxb6 26. Rxb6 Bf4 27. Rxc6
Qxc6 28. Qxc6 Rxc6 29. Rxc6 Bxe3 30. fxe3 Kf8 1/2-1/2

[Event "2FoglarVeterans_GM_B"]
[Site "?"]
[Date "2006.??.??"]
[Round "?"]
[White "Dedina, Miroslav (CZE)"]
[Black "Berggreen, Anders (DEN)"]
[Result "1-0"]
[WhiteElo "2414"]
[BlackElo "2414"]
[PlyCount "39"]
[EventDate "2006.??.??"]
[EventType "corr"]
[SourceDate "2006.05.16"]

1. c4 Nf6 2. Nc3 c5 3. Nf3 d5 4. cxd5 Nxd5 5. d4 Nxc3 6. bxc3 g6 7. e3 Bg7 8.
Bd3 O-O 9. O-O Qc7 10. Rb1 Nd7 11. e4 e5 12. d5 Nf6 13. c4 Ne8 14. Qe2 Nd6 15.
Bd2 Bd7 16. Bc3 Rae8 17. Rfe1 b6 18. Qe3 f5 19. Nd2 f4 20. Qf3 1-0

[Event "2FoglarVeterans_GM_B"]
[Site "?"]
[Date "2006.??.??"]
[Round "?"]
[White "Dedina, Miroslav (CZE)"]
[Black "Horvath, Alexander (SVK)"]
[Result "0-1"]
[WhiteElo "2414"]
[BlackElo "2413"]
[PlyCount "94"]
[EventDate "2006.??.??"]
[EventType "corr"]
[SourceDate "2006.05.16"]

1. c4 c5 2. Nc3 Nf6 3. Nf3 g6 4. e4 d6 5. d4 cxd4 6. Nxd4 Bg7 7. Be2 O-O 8. O-O
Nc6 9. Be3 Nxd4 10. Bxd4 Bd7 11. Qd2 Bc6 12. Bf3 Nd7 13. Bxg7 Kxg7 14. Qd4+ f6
15. Bg4 Qb6 16. Qd2 f5 17. Bh3 Ne5 18. Nd5 Bxd5 19. cxd5 fxe4 20. Rae1 Rf3 21.
Be6 e3 22. Rxe3 Rxe3 23. fxe3 Rf8 24. Rc1 Rf3 25. Rc3 Qb5 26. Qd1 Rf8 27. Rb3
Qc5 28. Qe1 b5 29. Rc3 Qb4 30. b3 h5 31. Qd2 Qh4 32. Rc8 Rxc8 33. Bxc8 Qe4 34.
h3 Qd3 35. Qxd3 Nxd3 36. Ba6 Nb4 37. Bxb5 Nxd5 38. Kf2 Nc3 39. Bc4 Nxa2 40. h4
Nc3 41. Kf3 d5 42. Ba6 Kf6 43. g4 hxg4+ 44. Kxg4 e6 45. Bd3 a5 46. Kf3 e5 47.
Kf2 e4 0-1

[Event "2FoglarVeterans_GM_B"]
[Site "?"]
[Date "2006.??.??"]
[Round "?"]
[White "Ludwig, Christoph (GER)"]
[Black "Dedina, Miroslav (CZE)"]
[Result "1/2-1/2"]
[WhiteElo "2527"]
[BlackElo "2414"]
[PlyCount "48"]
[EventDate "2006.??.??"]
[EventType "corr"]
[SourceDate "2006.05.16"]

1. e4 e5 2. Nf3 Nc6 3. Bb5 a6 4. Ba4 Nf6 5. O-O Be7 6. Re1 b5 7. Bb3 d6 8. c3
O-O 9. h3 Bb7 10. d4 Re8 11. Nbd2 Bf8 12. d5 Nb8 13. Nf1 h6 14. Ng3 c6 15. Nh2
Nbd7 16. dxc6 Bxc6 17. Qf3 Nc5 18. Ng4 Nxb3 19. Nxf6+ Qxf6 20. Qxf6 gxf6 21.
axb3 d5 22. b4 dxe4 23. Nxe4 Kg7 24. g4 h5 1/2-1/2

[Event "2FoglarVeterans_GM_B"]
[Site "?"]
[Date "2006.??.??"]
[Round "?"]
[White "Berggreen, Anders (DEN)"]
[Black "Roos, Jacqueline (FRA)"]
[Result "1/2-1/2"]
[WhiteElo "2414"]
[BlackElo "2406"]
[PlyCount "59"]
[EventDate "2006.??.??"]
[EventType "corr"]
[SourceDate "2006.05.16"]

1. d4 Nf6 2. c4 e6 3. g3 d5 4. Bg2 Be7 5. Nf3 O-O 6. O-O dxc4 7. Qc2 a6 8. Qxc4
b5 9. Qc2 Bb7 10. Bd2 Ra7 11. Rc1 Be4 12. Qb3 Nbd7 13. Ba5 Qa8 14. Nc3 Bc6 15.
a3 Rc8 16. Rc2 Bb7 17. Rd2 c5 18. dxc5 Nxc5 19. Qd1 Bc6 20. Rc1 Rd7 21. Rxd7
Nfxd7 22. Nb1 Bf6 23. Bc3 Ne4 24. Bxf6 Ndxf6 25. Ne5 Bd5 26. Rxc8+ Qxc8 27. Nd3
Bb7 28. Nd2 g6 29. Nxe4 Bxe4 30. Bxe4 1/2-1/2

[Event "2FoglarVeterans_GM_B"]
[Site "?"]
[Date "2006.??.??"]
[Round "?"]
[White "Lounek, Jan (CZE)"]
[Black "Isigkeit, Hans-Jurgen (GER)"]
[Result "1/2-1/2"]
[WhiteElo "2517"]
[BlackElo "2441"]
[PlyCount "74"]
[EventDate "2006.??.??"]
[EventType "corr"]
[SourceDate "2006.05.16"]

1. e4 c6 2. d4 d5 3. e5 Bf5 4. Nc3 e6 5. g4 Bg6 6. Nge2 Ne7 7. Nf4 c5 8. dxc5
Nbc6 9. Nb5 Nxe5 10. Nd6+ Kd7 11. c3 b6 12. Nc4 Nxc4 13. Bxc4 bxc5 14. Bb5+ Kc7
15. Qa4 a6 16. Be2 e5 17. Nxg6 hxg6 18. Be3 Nc6 19. O-O-O d4 20. Bf3 Qf6 21.
Bd5 Rd8 22. g5 Qd6 23. Bg2 Qe6 24. cxd4 Nxd4 25. f4 Rh4 26. Qa5+ Qb6 27. Qe1
Rb8 28. Rd2 Qe6 29. Qxh4 Qxa2 30. Bxd4 exd4 31. Be4 Qa1+ 32. Bb1 c4 33. Rc2 c3
34. Qh3 Bd6 35. Rxc3+ dxc3 36. Qxc3+ Kb7 37. Qd4 Ka8 1/2-1/2

[Event "2FoglarVeterans_GM_B"]
[Site "?"]
[Date "2006.??.??"]
[Round "?"]
[White "Lounek, Jan (CZE)"]
[Black "Salov, Sergey A. (RUS)"]
[Result "1-0"]
[WhiteElo "2517"]
[BlackElo "2383"]
[PlyCount "40"]
[EventDate "2006.??.??"]
[EventType "corr"]
[SourceDate "2006.05.16"]

1. e4 c5 2. Nf3 d6 3. d4 cxd4 4. Nxd4 Nf6 5. Nc3 a6 6. Be3 e5 7. Nb3 Be6 8. f3
Nbd7 9. g4 Nb6 10. g5 Nh5 11. Qd2 Rc8 12. O-O-O Be7 13. Rg1 O-O 14. Kb1 Qc7 15.
Qf2 Nc4 16. Bxc4 Qxc4 17. Nd5 Bxd5 18. Rxd5 f5 19. gxf6 Nxf6 20. Rd3 Qf7 1-0

[Event "2FoglarVeterans_GM_B"]
[Site "?"]
[Date "2006.??.??"]
[Round "?"]
[White "Salov, Sergey A. (RUS)"]
[Black "Kostal, Jindrich (CZE)"]
[Result "0-1"]
[WhiteElo "2383"]
[BlackElo "2435"]
[PlyCount "38"]
[EventDate "2006.??.??"]
[EventType "corr"]
[SourceDate "2006.05.16"]

1. e4 e5 2. Nf3 Nc6 3. Bb5 a6 4. Ba4 Nf6 5. O-O Be7 6. Re1 b5 7. Bb3 d6 8. c3
O-O 9. h3 Nb8 10. d4 Nbd7 11. Nbd2 Bb7 12. Bc2 Re8 13. Nf1 Bf8 14. Ng3 g6 15.
Bg5 h6 16. Bd2 Bg7 17. a4 c5 18. d5 c4 19. b4 cxb3 0-1

[Event "2FoglarVeterans_GM_B"]
[Site "?"]
[Date "2006.??.??"]
[Round "?"]
[White "Prokopp, Heinz (GER)"]
[Black "Salov, Sergey A. (RUS)"]
[Result "1/2-1/2"]
[WhiteElo "2428"]
[BlackElo "2383"]
[PlyCount "71"]
[EventDate "2006.??.??"]
[EventType "corr"]
[SourceDate "2006.05.16"]

1. e4 c5 2. Nf3 d6 3. d4 cxd4 4. Nxd4 Nf6 5. Nc3 a6 6. Bg5 e6 7. f4 Nbd7 8. Qf3
Qc7 9. O-O-O b5 10. Bd3 Bb7 11. Rhe1 Be7 12. Qg3 b4 13. Nd5 exd5 14. e5 dxe5
15. fxe5 Nh5 16. Qh4 Bxg5+ 17. Qxg5 g6 18. e6 Nc5 19. exf7+ Kxf7 20. Rf1+ Kg8
21. Nf5 Rf8 22. Ne7+ Kg7 23. Bxg6 Ne6 24. Nf5+ Rxf5 25. Qxf5 Nhf4 26. Bh5 Rf8
27. Qg4+ Kh8 28. g3 Rc8 29. Rf2 Qc5 30. Rfd2 Rg8 31. Qf5 Nxh5 32. Qxe6 Ng7 33.
Qf7 Bc6 34. Qc7 Re8 35. Rxd5 Qe3+ 36. R5d2 1/2-1/2

[Event "2FoglarVeterans_GM_B"]
[Site "?"]
[Date "2006.??.??"]
[Round "?"]
[White "Kurylo, Ryszard (LTU)"]
[Black "Kostal, Jindrich (CZE)"]
[Result "1-0"]
[WhiteElo "2424"]
[BlackElo "2435"]
[PlyCount "83"]
[EventDate "2006.??.??"]
[EventType "corr"]
[SourceDate "2006.05.16"]

1. e4 e5 2. Nf3 Nc6 3. Bb5 a6 4. Ba4 Nf6 5. O-O Be7 6. Re1 b5 7. Bb3 O-O 8. c3
d6 9. h3 Nb8 10. d4 Nbd7 11. Nbd2 Bb7 12. Bc2 Re8 13. a4 c5 14. d5 Bf8 15. Nf1
c4 16. Be3 Qc7 17. Ng3 g6 18. Ra3 Bg7 19. Qd2 Nc5 20. Rea1 Reb8 21. Qe2 Nfd7
22. Nd2 Nb6 23. axb5 axb5 24. h4 h5 25. Rxa8 Rxa8 26. Rxa8+ Bxa8 27. b4 cxb3
28. Bb1 Nc4 29. Nxc4 bxc4 30. Qxc4 Qb6 31. Nf1 Bb7 32. Nd2 b2 33. Bxc5 dxc5 34.
Qa4 Ba6 35. c4 Qb4 36. Qe8+ Kh7 37. d6 Qxd2 38. d7 Qe1+ 39. Kh2 Qxb1 40. d8=Q
Qxe4 41. Qg8+ Kh6 42. Qg5# 1-0

[Event "2FoglarVeterans_GM_B"]
[Site "?"]
[Date "2006.??.??"]
[Round "?"]
[White "Salov, Sergey A. (RUS)"]
[Black "Roos, Jacqueline (FRA)"]
[Result "1/2-1/2"]
[WhiteElo "2383"]
[BlackElo "2406"]
[PlyCount "53"]
[EventDate "2006.??.??"]
[EventType "corr"]
[SourceDate "2006.05.16"]

1. e4 e5 2. Nf3 Nc6 3. Bb5 a6 4. Ba4 Nf6 5. O-O Be7 6. Re1 b5 7. Bb3 d6 8. c3
O-O 9. h3 Na5 10. Bc2 c5 11. d4 Re8 12. Nbd2 Bf8 13. Nf1 cxd4 14. cxd4 exd4 15.
Nxd4 Bb7 16. Ng3 g6 17. b3 d5 18. e5 Ne4 19. Nxe4 dxe4 20. Bxe4 Rxe5 21. Bxb7
Rxe1+ 22. Qxe1 Nxb7 23. Bb2 Qe8 24. Qd2 Qd7 25. Qe2 Re8 26. Qf3 Bg7 27. Rd1
1/2-1/2

[Event "2FoglarVeterans_GM_B"]
[Site "?"]
[Date "2006.??.??"]
[Round "?"]
[White "Horvath, Alexander (SVK)"]
[Black "Salov, Sergey A. (RUS)"]
[Result "1/2-1/2"]
[WhiteElo "2413"]
[BlackElo "2383"]
[PlyCount "54"]
[EventDate "2006.??.??"]
[EventType "corr"]
[SourceDate "2006.05.16"]

1. e4 c5 2. Nf3 d6 3. d4 cxd4 4. Nxd4 Nf6 5. Nc3 a6 6. Bg5 e6 7. f4 Nbd7 8. Qf3
Qc7 9. O-O-O b5 10. Bd3 Bb7 11. Rhe1 Be7 12. Qg3 b4 13. Nd5 exd5 14. exd5 Kd8
15. Nc6+ Bxc6 16. dxc6 Nc5 17. Bh4 Rg8 18. Bxh7 Rh8 19. Qxg7 Rxh7 20. Qxf6 Rxh4
21. Qxf7 Rh8 22. Re5 Rf8 23. Qg7 b3 24. axb3 Nxb3+ 25. cxb3 Qxc6+ 26. Kb1 Qe8
27. Re4 Rc8 1/2-1/2

[Event "2FoglarVeterans_GM_B"]
[Site "?"]
[Date "2006.??.??"]
[Round "?"]
[White "Green, Wesley C. (USA)"]
[Black "Lounek, Jan (CZE)"]
[Result "0-1"]
[WhiteElo "2438"]
[BlackElo "2517"]
[PlyCount "64"]
[EventDate "2006.??.??"]
[EventType "corr"]
[SourceDate "2006.05.16"]

1. e4 c5 2. Nf3 d6 3. d4 cxd4 4. Nxd4 Nf6 5. Nc3 a6 6. Be3 e6 7. g4 h6 8. Bg2
e5 9. Nf5 g6 10. Qe2 gxf5 11. exf5 Nc6 12. O-O-O Bd7 13. f4 Qa5 14. g5 hxg5 15.
fxg5 Rc8 16. a3 b5 17. gxf6 b4 18. Rd5 Qc7 19. Ne4 bxa3 20. bxa3 Na5 21. Qd3
Ba4 22. Qc3 Qxc3 23. Nxc3 Nc4 24. Nxa4 Nxe3 25. Rd2 Rb8 26. Bc6+ Kd8 27. Rd3
Bh6 28. Rb3 Kc7 29. Bf3 Nxf5+ 30. Kd1 Nd4 31. Bd5 Nxb3 32. cxb3 Bg5 0-1